<?xml version="1.0" encoding="UTF-8"?>
<collection xmlns="http://www.loc.gov/MARC21/slim">
 <record>
  <leader>00970nam a22002895a 4500</leader>
  <controlfield tag="001">EHU.bham041970</controlfield>
  <controlfield tag="003">AR-BHAM</controlfield>
  <controlfield tag="005">20130306112939.0</controlfield>
  <controlfield tag="008">130507s2007##################000#0#####d</controlfield>
  <datafield tag="020" ind1=" " ind2=" ">
   <subfield code="a">9789875442375</subfield>
  </datafield>
  <datafield tag="082" ind1="A" ind2="8">
   <subfield code="a">863.307</subfield>
  </datafield>
  <datafield tag="245" ind1="0" ind2="0">
   <subfield code="a">Figuraciones del siglo xix: libros, escenarios y miradas  /</subfield>
   <subfield code="c"> Ed. Literaria A Cargo De Rosalía Balzar Y Carlos Hudson</subfield>
  </datafield>
  <datafield tag="260" ind1=" " ind2=" ">
   <subfield code="a">Mar del Plata :</subfield>
   <subfield code="b">Universidad Nacional,</subfield>
   <subfield code="c">2007</subfield>
  </datafield>
  <datafield tag="300" ind1=" " ind2=" ">
   <subfield code="a">189 p.</subfield>
  </datafield>
  <datafield tag="653" ind1=" " ind2=" ">
   <subfield code="a">Literatura argentina-siglo xix-estudios</subfield>
  </datafield>
  <datafield tag="653" ind1=" " ind2=" ">
   <subfield code="a">Romanticismo argentino</subfield>
  </datafield>
  <datafield tag="653" ind1=" " ind2=" ">
   <subfield code="a">Literatura rioplatense-estudios</subfield>
  </datafield>
  <datafield tag="700" ind1="1" ind2=" ">
   <subfield code="a">Balzar, Rosalía, ed.</subfield>
  </datafield>
  <datafield tag="700" ind1="1" ind2=" ">
   <subfield code="a">Hudson, Carlos, ed,</subfield>
  </datafield>
  <datafield tag="700" ind1="1" ind2=" ">
   <subfield code="a">Ayrolo, Valentina</subfield>
  </datafield>
  <datafield tag="700" ind1="1" ind2=" ">
   <subfield code="a">Marinone, Mónica</subfield>
  </datafield>
  <datafield tag="700" ind1="1" ind2=" ">
   <subfield code="a">Batticuore, Graciela</subfield>
  </datafield>
  <datafield tag="700" ind1="1" ind2=" ">
   <subfield code="a">Chauvié, Omar</subfield>
  </datafield>
  <datafield tag="700" ind1="1" ind2=" ">
   <subfield code="a">Romano, Marcela</subfield>
  </datafield>
  <datafield tag="700" ind1="1" ind2=" ">
   <subfield code="a">Hermida, Carola</subfield>
  </datafield>
  <datafield tag="700" ind1="1" ind2=" ">
   <subfield code="a">Hudson, Carlos Fernando</subfield>
  </datafield>
  <datafield tag="859" ind1=" " ind2=" ">
   <subfield code="a">AR-BHAM</subfield>
   <subfield code="b">BIB. HUMANIDADES - General</subfield>
   <subfield code="h">A863.307</subfield>
   <subfield code="i">F467</subfield>
   <subfield code="k">A</subfield>
   <subfield code="p">394.12</subfield>
   <subfield code="t">Ej.1</subfield>
  </datafield>
 </record>
</collection>
